[Event "RUS-chT Rapid Men 2018"]
[Site "Sochi"]
[Date "2018.10.09"]
[Round "9"]
[White "Potkin, Vladimir"]
[Black "Kamsky, Gata"]
[Result "0-1"]
[WhiteElo "2597"]
[BlackElo "2666"]
[Annotator "TA"]
[PlyCount "95"]
[EventDate "2018.10.05"]
[EventType "swiss"]
[EventCountry "RUS"]
[SourceTitle "playchess.com"]
[Source "ChessBase"]
[SourceQuality "1"]

{[%evp 14,95,60,50,79,55,56,27,49,42,43,49,57,45,47,40,48,40,41,28,70,26,37,22,25,16,20,12,17,12,31,11,4,9,10,15,20,0,0,0,31,-8,28,0,0,0,0,0,0,-316,59,101,160,0,0,0,0,-26,83,75,241,16,87,-357,0,-5265,-5089,-29985,-29986,-29990,-29986,-29986,-29987,-29987,-29988,-29988,-29989,-29992,-29993,-29993,-29994,-29994,-29995,-29997]} 1. Nf3 Nf6 2. c4 c6 3. Nc3 d5 4. e3 g6 5. d4 Bg7 6. Be2 O-O 7. O-O Qb6 8. h3 {LiveBook: 4 Partien. D94: Grünfeldindisch (Geschlossenes System)} (8. b3 Bg4 9. h3 Bxf3 10. Bxf3 e6 11. Qc2 Re8 12. Bb2 Nbd7 13. Rac1 Rac8 14. Qb1 a6 15. Rfd1 Qb4 {1-0 (69) Wang,H (2713)-Ma,Q (2609) China 2015}) (8. Bd2 Bg4 9. cxd5 cxd5 10. h3 Bxf3 11. Bxf3 e6 12. Na4 Qd6 13. Qb3 Nc6 14. Rfc1 Rab8 15. Nc5 Rfc8 {½-½ (52) Potkin,V (2647)-Kamsky,G (2741) Khanty-Mansiysk 2013}) 8... Be6 9. Ng5 Bf5 10. Bd2 $146 {Weiß steht etwas besser.} ({Vorgänger:} 10. b3 h6 11. Nf3 Nbd7 12. Nh4 Be6 13. Rb1 g5 14. Nf3 Ne4 15. Nxe4 dxe4 {1-0 (55) Polezhaev,A-Kucherov,D (2130) ICCF email 2008}) 10... h6 11. Nf3 $1 Ne4 12. cxd5 Nxc3 13. Bxc3 cxd5 14. Qd2 Rc8 15. a4 {[%cal Ba2a4,Ba4a5][%mdl 32]} a6 16. Rfc1 Nd7 17. Bb4 Bf8 18. a5 Qd8 19. Ne5 Nxe5 20. dxe5 g5 21. Qd4 Bg7 22. g4 Be4 23. f3 Bg6 24. f4 Be4 25. Qb6 Qd7 26. Kf2 f5 27. Kg3 (27. Bd1 $5 {[%cal Rd1a4]} e6 28. Bd2 $11) 27... Kh7 28. Rc5 d4 {[%cal Bd5d4,Bd4d3][%mdl 32]} 29. Rd1 Rxc5 30. Qxc5 d3 {zielt auf ...Tc8 ab.} 31. Bf1 $2 {[%mdl 8192]} (31. Bf3 $11 {und Weiss steht sicher.}) 31... Qa4 $2 (31... Rc8 $1 $19 {[%cal Rc8c5]} 32. Qb6 (32. Qxe7 $2 gxf4+ 33. Kh4 Qxe7+ 34. Bxe7 fxe3 $19) 32... Qa4) 32. Rd2 $14 Qa1 (32... Rd8 $142) 33. Rf2 $2 (33. Kf2 $1 $16) 33... e6 $11 34. Qc7 Rg8 35. Qd7 fxg4 (35... Qc1 $11 36. Bd2 Qc8 37. Qxc8 Rxc8) 36. hxg4 $16 h5 $2 (36... Qc1 $16 {war einen Versuch wert.} 37. Qd4 gxf4+ 38. exf4 Bf5) 37. Qxe6 $2 ({Nicht} 37. gxh5 gxf4+ 38. exf4 (38. Kxf4 Bc6 $15) 38... Qd1 $17) (37. fxg5 $18 {Df7 ist eine echte Drohung.} Kh8 38. Qd4 (38. Qxe6 Qc1 $18)) 37... Qd1 (37... Qc1 $11 {bleibt in der Remisbreite.} 38. Bd2 Qd1) 38. gxh5 $2 {[%mdl 8192] [#]} ({Falsch wäre} 38. fxg5 $2 Re8 $3 $19 {[%mdl 512]}) (38. Kh2 $1 $16 {bleibt auf Kurs. Und weiter mit Dc4 wäre nett.} Qxg4 39. Qxg4 hxg4 40. Kg3) 38... gxf4+ $2 ({Besser ist} 38... Bh6 $1 $19 39. Kh2 gxf4 40. exf4 Qxh5+ 41. Qh3 Qg6) 39. exf4 $2 {[%mdl 8192]} (39. Kxf4 $11 Bc6 40. Qg6+ Kh8 41. Bxd3 Bxe5+ 42. Kxe5 Rxg6 43. Bxg6 Qd5+ 44. Kf6) 39... Bf8+ $19 40. Kh4 Bxb4 {Schwarz setzt Matt.} 41. h6 Qe1 42. Qf7+ Kxh6 43. Qh5+ Kg7 44. Qg5+ Kh8 45. Qf6+ Rg7 46. Qd8+ Kh7 47. Qd4 Bf5 48. Bh3 {Precision: Weiß = 24%, Schwarz = 46%.} 0-1

[Event "RUS-chT Rapid Men 2018"]
[Site "Sochi"]
[Date "2018.10.09"]
[Round "9"]
[White "Kryakvin, Dmitry"]
[Black "Sergeyev, Alexander"]
[Result "1/2-1/2"]
[WhiteElo "2595"]
[BlackElo "2397"]
[Annotator "TA"]
[PlyCount "109"]
[EventDate "2018.10.05"]
[EventType "swiss"]
[EventCountry "RUS"]
[SourceTitle "playchess.com"]
[Source "ChessBase"]
[SourceQuality "1"]

{[%evp 12,109,9,8,37,33,31,31,30,24,30,21,32,2,5,-25,-22,-38,-16,-20,0,0,0,5,54,55,45,50,68,0,96,51,60,48,60,0,8,9,117,81,99,114,112,110,91,76,79,77,74,0,0,0,0,5,0,0,74,52,81,0,1,0,0,0,0,10,12,0,0,0,0,0,183,0,0,-69,0,-362,0,0,0,0,0,0,0,0,0,0,0,0,0,0,0,0,0,0,0,0,0,0]} 1. d4 d5 2. c4 c6 3. cxd5 cxd5 4. Bg5 h6 (4... Nf6 5. Bxf6 gxf6 6. Nc3 e6 7. e3 Nd7 8. Bd3 f5 9. h3 h5 10. h4 Nf6 11. Nge2 Bd6 {0-1 (32) Mamedyarov,S (2808)-Aronian,L (2764) Paris 2018}) 5. Bh4 Qb6 6. Nc3 {D10: Slav Defence: 3 cxd5 (without early Nf3) and 3 Nc3} e6 7. Qd2 {LiveBook: 30 Games} Nf6 8. Bxf6 {White is slightly better.} gxf6 9. e3 Bd7 10. Rc1 $146 ({Predecessor:} 10. Bd3 Bc6 11. Nge2 Nd7 {0-1 (53) Marjanovic,D (2439)-Glavas,D (2286) Zadar 2016}) 10... Bc6 11. Bd3 Nd7 12. Nge2 f5 13. f4 Nf6 14. O-O Bd6 15. Kh1 Ne4 16. Bxe4 fxe4 17. f5 O-O-O 18. fxe6 fxe6 19. Rf6 Rhe8 20. Rcf1 (20. Nf4 $14 Bxf4 21. Rxf4 (21. exf4 h5 $16)) 20... Bb5 (20... Rf8 $11 {keeps the balance.}) 21. Nxb5 Qxb5 22. Rxh6 Bb4 23. Rc1+ (23. Qd1 $14) 23... Kb8 $11 24. Nc3 e5 (24... Rf8 $11 25. Kg1 (25. Nxb5 Bxd2 26. Rb1 Bxe3 $17) 25... Qd7) 25. a3 (25. Nxb5 Bxd2 26. Rd1 Bxe3 $17) 25... exd4 26. axb4 (26. Nxb5 $2 Bxd2 27. Re1 Bxe1 $19) 26... dxc3 27. bxc3 ({Avoid the trap} 27. Qxc3 $2 Rc8 $19) 27... Qd3 28. Rd1 Qxd2 29. Rxd2 $16 {[%mdl 4096] Endgame KRR-KRR} Rc8 30. Rc2 (30. Rxd5 $16 {Threatens to win with h4.} Rxc3 31. h4) 30... d4 $1 $11 31. exd4 {Black must now prevent Kg1.} e3 32. Re2 Rxc3 33. g4 Rd3 {[#]} (33... Rc4 $11) 34. Kg2 $1 $16 Rxd4 {[#]} 35. Kf3 (35. Rg6 $1 $16) 35... Rxb4 $11 36. g5 Rf8+ 37. Kxe3 Rb3+ 38. Kd4 Rb4+ $1 39. Kc3 Rg4 40. h4 Rf3+ 41. Kb2 Rff4 $2 (41... Rb4+ $11 42. Ka2 Rg3) 42. Rh7 $2 (42. Re8+ $18 Kc7 43. Re7+ Kd8 44. Rxb7 Rxh4 45. Rxh4 (45. Rxa7 Ke8 $16) 45... Rxh4 46. g6 (46. Rxa7 Rg4 $11) 46... Rh2+ 47. Kc3) 42... a5 43. Ree7 (43. Re8+ $11 Ka7 44. Ree7) 43... Rb4+ (43... Rf2+ $15 44. Kc3 Rf3+ 45. Kd2 Rb3) 44. Kc3 $2 {[%mdl 8192]} (44. Ka3 $11 {and White has nothing to worry.}) 44... Rxh4 $2 ({Black should play} 44... a4 $19 {...Rb3+ is the strong threat.} 45. Re8+ Ka7) 45. Rxb7+ {The position is equal.} Rxb7 46. Rxh4 $19 {Hoping for g6. KR-KR} Rg7 47. Rg4 Kc7 48. Kd4 Kd6 49. Ke4 Ke6 50. Kf4 Rb7 51. Kf3 Kf5 {( -> ...Rb3+)} 52. Rc4 Rb3+ 53. Ke2 Kxg5 54. Rc5+ Kf4 55. Rxa5 {Precision: White = 54%, Black = 57%.} 1/2-1/2

[Event "RUS-chT Rapid Men 2018"]
[Site "Sochi"]
[Date "2018.10.09"]
[Round "9"]
[White "Antipov, Mikhail Al."]
[Black "Sharafiev, Azat"]
[Result "1-0"]
[WhiteElo "2593"]
[BlackElo "2432"]
[Annotator "ChessBase"]
[PlyCount "65"]
[EventDate "2018.10.05"]
[EventType "swiss"]
[EventCountry "RUS"]
[SourceTitle "playchess.com"]
[Source "ChessBase"]
[SourceQuality "1"]
[TimeControl "900+10"]

1. e4 c5 {[%emt 0:00:00]} 2. Nf3 {[%emt 0:00:00]} e6 {[%emt 0:00:00]} 3. b3 {[%emt 0:00:00]} b6 {[%emt 0:00:11]} 4. Bb2 {[%emt 0:00:00]} Bb7 {[%emt 0:00:05]} 5. Nc3 {[%emt 0:00:00]} Nc6 {[%emt 0:00:28]} 6. Qe2 {[%emt 0:00:00]} d6 {[%emt 0:00:39]} 7. O-O-O {[%emt 0:00:02]} e5 {[%emt 0:00:24]} 8. g4 {[%emt 0:00:01]} Nge7 {[%emt 0:00:23]} 9. Nd5 {[%emt 0:03:25]} Qd7 {[%emt 0:02:17]} 10. c4 {[%emt 0:00:27]} O-O-O {[%emt 0:00:40]} 11. h4 {[%emt 0:00:03]} Nxd5 {[%emt 0:00:24]} 12. exd5 {[%emt 0:00:24]} Nd4 {[%emt 0:00:21]} 13. Nxd4 {[%emt 0:00:08]} cxd4 {[%emt 0:02:17]} 14. f4 {[%emt 0:00:01]} Qc7 {[%emt 0:01:56]} 15. Kb1 {[%emt 0:00:08]} Be7 {[%emt 0:00:58]} 16. Re1 {[%emt 0:01:27]} f6 {[%emt 0:04:29]} 17. g5 {[%emt 0:00:02]} Rhe8 {[%emt 0:00:36]} 18. Bh3+ {[%emt 0:00:04]} Kb8 {[%emt 0:00:01]} 19. Be6 {[%emt 0:00:03]} Bc8 {[%emt 0:00:17]} 20. f5 {[%emt 0:00:11]} g6 {[%emt 0:00:45]} 21. gxf6 {[%emt 0:00:51]} Bxf6 {[%emt 0:00:02]} 22. Bxc8 {[%emt 0:00:01]} Qxc8 {[%emt 0:00:17]} 23. fxg6 {[%emt 0:00:01]} hxg6 {[%emt 0:00:20]} 24. Ref1 {[%emt 0:00:01]} Be7 {[%emt 0:00:21]} 25. Qe4 {[%emt 0:00:12]} Rf8 {[%emt 0:00:30]} 26. Qxg6 {[%emt 0:01:05]} Rxf1+ {[%emt 0:00:18]} 27. Rxf1 {[%emt 0:00:01]} Bxh4 {[%emt 0:00:11]} 28. Ba3 {[%emt 0:00:01]} Be7 {[%emt 0:00:10]} 29. Rf7 {[%emt 0:00:02]} Qd7 {[%emt 0:00:15]} 30. Qe6 {[%emt 0:00:40]} Qxe6 {[%emt 0:00:13]} 31. dxe6 {[%emt 0:00:01]} Bg5 {[%emt 0:00:05]} 32. e7 {[%emt 0:00:02]} Re8 {[%emt 0:00:05]} 33. Rf8 {[%emt 0:00:02]} 1-0

[Event "RUS-chT Rapid Men 2018"]
[Site "Sochi"]
[Date "2018.10.09"]
[Round "9"]
[White "Timofeev, Artyom"]
[Black "Paravyan, David"]
[Result "1-0"]
[WhiteElo "2580"]
[BlackElo "2629"]
[Annotator "TA"]
[PlyCount "109"]
[EventDate "2018.10.05"]
[EventType "swiss"]
[EventCountry "RUS"]
[SourceTitle "playchess.com"]
[Source "ChessBase"]
[SourceQuality "1"]

{[%evp 9,109,-4,4,10,88,83,89,84,87,85,73,100,104,112,108,87,73,73,81,78,91,86,84,80,135,124,130,129,131,100,145,136,177,181,183,178,252,243,344,317,410,399,606,607,602,605,556,477,758,745,720,362,371,360,515,464,532,525,515,504,497,500,488,495,488,480,530,530,509,509,606,553,537,547,621,606,677,633,772,752,1162,1112,1437,1353,2161,2062,2950,2808,29988,29989,29989,29990,29990,29991,29991,29989,29989,29990,29992,29993,29993,29993]} 1. c4 c5 2. Nf3 {[%cal Bg1f3,Bf3e5,Be5c4,Bc4b6][%mdl 32]} Nf6 3. Nc3 d5 4. cxd5 Nxd5 5. Qa4+ Nc6 6. Ne5 {A34: Symmetrical English: 2 Nc3, lines with ...d5} Qd6 (6... Qc7 $11 {remains equal.} 7. Nxc6 (7. Nxd5 Qxe5 8. Nb6 Rb8 $11) 7... Qxc6) (6... Qc7 7. Nxc6 Nxc3 8. dxc3 Bd7 9. e4 Qxc6 10. Qxc6 Bxc6 11. f3 e6 12. Be3 O-O-O 13. a4 {½-½ (113) Wei,Y (2753)-Zhou,J (2597) Huocheng County 2017}) 7. Nc4 $16 Qd8 {[#]} 8. Nxd5 $1 {White is better.} Qxd5 $146 ({Predecessor:} 8... b5 9. Qxb5 Qxd5 10. Ne5 Bd7 11. Nxd7 Qxd7 12. e3 g6 13. Qxc5 {½-½ (27) Banas,J (2370)-Novotny,J Czechoslovakia 1991}) 9. Nb6 $1 {[%cal Rb6d5]} axb6 10. Qxa8 Kd8 11. Qa4 g6 12. e4 Qe5 13. Be2 Bg7 14. d3 Nd4 15. Qd1 Be6 16. O-O Kd7 (16... Kc7 $142) 17. f4 Qd6 18. Be3 Ra8 19. e5 Nxe2+ 20. Qxe2 Qc6 21. b3 Ke8 22. Rac1 Qd5 {[#]} (22... Qd7 $142 23. h3 f6) 23. d4 $1 $18 f6 (23... Qc6 $142 24. dxc5 b5) (23... cxd4 24. Rfd1) 24. dxc5 bxc5 25. Bxc5 {aiming for Rfd1.} fxe5 (25... f5 $142 26. Rfd1 Qe4) 26. Rfd1 Qc6 {[#]} 27. Bxe7 $1 {[%mdl 512]} Qa6 (27... Kxe7 28. Rxc6) 28. Qxa6 Rxa6 (28... bxa6 $142 29. Ba3 Rd8 30. Rxd8+ Kxd8) 29. Rc7 Rc6 30. Rxc6 bxc6 {[%mdl 4096] Endgame KRB-KB} 31. Bd6 e4 (31... exf4 {was worth a try.} 32. Bxf4 Bd5) 32. Kf2 Bd5 33. Ke3 Kd7 34. Be5 {Black must now prevent Rxd5+!} Bf8 35. g4 Ke6 36. Bc3 Ba3 37. h3 Bc5+ 38. Bd4 Ba3 39. Rf1 Bf8 40. Rc1 Ba3 41. Rc2 Bd6 42. Bc5 Bb8 43. a4 {[%cal Ba2a4,Ba4a5,Ba5a6,Ba6a7][%mdl 32]} h6 44. a5 g5 45. f5+ Kd7 46. b4 Bf4+ 47. Kd4 Bb3 48. Rb2 Bd5 49. a6 {White mates.} Kc8 50. a7 Kb7 51. b5 Ka8 52. bxc6 Bxc6 53. Rb6 Bd7 54. Rxh6 Kb7 55. Rh7 {Precision: White = 81%, Black = 44%.} 1-0

[Event "RUS-chT Rapid Men 2018"]
[Site "Sochi"]
[Date "2018.10.09"]
[Round "9"]
[White "Rozum, Ivan"]
[Black "Alekseev, Evgeny"]
[Result "1/2-1/2"]
[WhiteElo "2573"]
[BlackElo "2620"]
[Annotator "TA"]
[PlyCount "59"]
[EventDate "2018.10.05"]
[EventType "swiss"]
[EventCountry "RUS"]
[SourceTitle "playchess.com"]
[Source "ChessBase"]
[SourceQuality "1"]

{[%evp 16,59,11,0,10,0,0,0,0,0,0,0,0,-29,-2,-25,55,51,132,143,140,137,128,137,591,429,371,364,578,556,500,201,161,126,100,0,0,0,0,0,0,0,0,0,0,0]} 1. d4 e6 2. c4 b6 3. a3 Bb7 4. Nc3 f5 5. d5 Na6 {[%cal Bb8a6,Ba6c5,Bc5e4][%mdl 32]} 6. g3 Nf6 7. Bg2 Nc5 8. Nf3 {A40: Unusual replies to 1 d4} Nce4 9. O-O {LiveBook: 5 Games} Bc5 $146 ({Predecessor:} 9... Nxc3 10. bxc3 Bc5 11. Nd4 O-O 12. dxe6 Bxg2 13. Kxg2 Qe7 14. exd7 Qxd7 15. Qd3 Ne4 {½-½ (30) Eljanov,P (2655)-Delchev,A (2661) Gonfreville 2006}) 10. Nd4 exd5 11. Nxf5 {Hoping for Nxe4.} O-O 12. Qc2 Bxf2+ 13. Kh1 Nxc3 14. bxc3 Bc5 15. Bg5 Qe8 {[#]} (15... c6 $11) 16. Nxg7 $1 $14 {[%mdl 512]} Kxg7 {[#]} (16... Qe5 $1 $14 17. Bf4 Qe7) 17. Bxf6+ $1 $16 Rxf6 18. Rxf6 Kxf6 19. Qxh7 {aiming for Rf1+.} Be3 $2 {[%mdl 8192]} (19... Bf2 $16 {is more resistant.}) 20. cxd5 {White wants to mate with Rf1+.} Ke5 {[#]} 21. Rf1 $1 {Intending Qe4+ and mate.} Kd6 (21... a5 {keeps fighting.} 22. Qg7+ Kd6) 22. Rf6+ $18 Kc5 {intending ...a5.} 23. Qb1 (23. Qf5 $142 d6 24. Qd3) 23... a5 24. a4 {[%csl Ga4][%cal Rb1b5][%mdl 1024] White has strong compensation.} Ba6 25. Qb2 (25. d6 $16 c6 26. Qf5+ Kc4 27. Rf7) 25... Qe5 $11 {...Re8 is the strong threat.The position is equal.} 26. Qa3+ Kc4 27. Qa2+ Kc5 28. Qa3+ Kc4 29. Qa2+ Kc5 30. Qa3+ {Precision: White = 59%, Black = 35%.} 1/2-1/2

[Event "RUS-chT Rapid Men 2018"]
[Site "Sochi"]
[Date "2018.10.09"]
[Round "9"]
[White "Savchenko, Boris"]
[Black "Papenin, Nikolai"]
[Result "1-0"]
[WhiteElo "2562"]
[BlackElo "2334"]
[Annotator "TA"]
[PlyCount "119"]
[EventDate "2018.10.05"]
[EventType "swiss"]
[EventCountry "RUS"]
[SourceTitle "playchess.com"]
[Source "ChessBase"]
[SourceQuality "1"]

{[%evp 15,119,39,63,72,60,41,86,78,112,88,97,95,165,164,162,157,157,152,167,156,158,160,172,183,300,300,303,306,308,299,314,318,318,304,318,302,316,329,449,350,323,322,345,358,357,364,386,387,385,370,442,442,442,442,442,442,442,442,442,442,442,442,442,442,403,395,364,424,478,478,974,350,1078,1048,977,580,1036,954,775,635,1034,972,962,940,918,839,912,904,896,845,712,670,29977,29977,29979,29979,29980,29981,29981,29982,29982,29982,29983,29984,29987,29988]} 1. e4 c5 2. Nf3 d6 3. d4 cxd4 4. Nxd4 Nf6 5. Nc3 Nc6 6. Bg5 Bd7 7. Qd2 Rc8 8. f4 h6 9. Bxf6 {B61: Sicilian: Richter-Rauzer: 6...Bd7 7 Qd2} gxf6 10. O-O-O h5 11. Kb1 {White is better.} (11. Be2 h4 12. Nf5 Qa5 13. Qd5 Qxd5 14. Nxd5 Kd8 15. Rhf1 Be8 16. Nc3 {0-1 (59) Szabo,G (2540)-Naiditsch,A (2684) Hungary 2016}) 11... h4 $146 ({Predecessor:} 11... a6 12. Be2 b5 13. Rhf1 e6 14. Nxc6 Bxc6 15. Bf3 Qb6 16. Ne2 {1-0 (27) Kollars,D (2443)-Rau,H (2468) Germany 2016}) 12. Bc4 Qa5 13. Nb3 Qb4 {[#]} (13... Qd8 $16) 14. Bb5 $1 $18 (14. Qd5 $2 Be6 $19) 14... Na5 15. a3 $36 {[%mdl 2048] White is really pushing.} Nxb3 16. Qd5 (16. axb4 Nxd2+ 17. Rxd2 Bxb5 $11) (16. cxb3 $6 Qxb3 17. Bxd7+ Kxd7 $14) 16... Qa5 17. Bxd7+ (17. cxb3 $6 Bxb5 18. b4 (18. Qxb5+ Qxb5 19. Nxb5 a6 $11) 18... Qb6 $16) 17... Kxd7 18. Qxb7+ (18. cxb3 $6 Qxd5 19. Nxd5 Rg8 $14) 18... Rc7 19. Qxb3 {[#] Nd5 is the strong threat.} e6 (19... Qb6 $142 20. Qxb6 axb6) 20. Rd4 {[%cal Bd1d4,Bd4b4,Bb4b5][%mdl 32]} Be7 21. Rhd1 Rhc8 22. Rb4 Ke8 23. Rb5 Qa6 24. f5 {[%cal Bf4f5,Bf5e6][%mdl 32]} Rc4 25. Rb7 Kf8 26. Rd3 Bd8 27. Qb5 Qxb5 28. Nxb5 Be7 29. fxe6 (29. Rxa7 Rxe4 30. fxe6 (30. Nxd6 Re1+ 31. Ka2 Rxc2 $16) 30... fxe6 $16) (29. Nxa7 $6 Ra8 $18) (29. Nxd6 Bxd6 30. Rxd6 Rxc2 $18) 29... Rxe4 30. Nxd6 Re1+ 31. Ka2 Bxd6 32. Rxf7+ (32. Rxd6 fxe6 33. Rd4 h3 $18) 32... Ke8 33. Rxd6 Rxe6 34. Rxf6 ({Less strong is} 34. Rxe6+ Kxf7 35. Re2 f5 $18) 34... Rxf6 35. Rxf6 Rxc2 {[%mdl 4096] Endgame KR-KR} 36. Rg6 Kd8 37. h3 Kc7 38. Rg4 Kb7 39. Kb3 Rf2 40. Kc3 a6 41. b4 ({Resist} 41. Rxh4 Rxg2 42. Rh8 Rg3+ 43. Kb4 Rg2 $18) 41... Re2 42. a4 {[%cal Ba3a4,Ba4a5][%mdl 32]} Ra2 (42... Kc6 $142 43. Kb3 Kb7) 43. Kc4 $2 (43. a5 Kc7 44. Kb3) 43... Kc7 $2 (43... Rxa4 44. Rxh4 Ra2 45. Rh7+ Kc6 46. Rh6+ Kb7) 44. a5 Rc2+ 45. Kd5 Re2 46. Rg7+ Kb8 47. Kd6 Re4 48. Rg4 Re2 49. Kc6 Re6+ 50. Kd7 Re2 51. Rxh4 Rxg2 52. Rh6 Kb7 53. h4 {[%cal Bh3h4,Bh4h5,Bh5h6,Bh6h7][%mdl 32]} Rg4 54. h5 {White mates.} Ka7 55. Rb6 Re4 56. h6 Re1 57. Re6 Rh1 58. Ke7 Rh4 59. Kf7 Rxb4 60. h7 {Precision: White = 76%, Black = 42%.} 1-0

[Event "RUS-chT Rapid Men 2018"]
[Site "Sochi"]
[Date "2018.10.09"]
[Round "9"]
[White "Bocharov, Dmitry"]
[Black "Nazaretyan, Tigran"]
[Result "1-0"]
[WhiteElo "2557"]
[BlackElo "2248"]
[Annotator "TA"]
[PlyCount "137"]
[EventDate "2018.10.05"]
[EventType "swiss"]
[EventCountry "RUS"]
[SourceTitle "playchess.com"]
[Source "ChessBase"]
[SourceQuality "1"]

{[%evp 27,137,41,66,57,44,58,56,62,51,16,54,58,52,54,61,16,94,50,65,57,62,58,56,52,61,48,80,53,83,77,89,6,1,9,112,37,46,47,56,45,53,58,525,451,536,533,529,515,494,510,765,756,757,715,727,724,713,717,724,702,745,738,820,801,889,861,900,807,881,881,1268,1258,1590,1559,5265,1223,1446,1422,1191,937,1191,1048,1110,1090,1152,1061,2107,2014,2014,1979,1979,1979,2072,1650,29982,29983,29983,29984,29984,29985,29985,29983,29982,29982,29986,29987,29987,29987,29988,29989,29993,29994]} 1. c4 Nf6 2. Nf3 g6 3. d4 Bg7 4. g3 O-O 5. Bg2 d6 6. O-O Nbd7 7. Nc3 e5 8. e4 c6 9. h3 Re8 10. Be3 exd4 11. Nxd4 Nc5 12. Qc2 a5 13. Nb3 Nfd7 14. Rad1 Qc7 {[#] LiveBook: 6 Games. E69: King's Indian: Fianchetto: 6...Nbd7 7 0-0 e5 8 e4 c6 9 h3} (14... Qe7 15. Rfe1 Nxb3 16. axb3 Nc5 17. f4 Bd7 18. Bf2 Rad8 19. Na4 Nxa4 20. bxa4 c5 21. b3 Bc6 22. h4 b6 23. h5 {½-½ (75) Adly,A (2643)-Thavandiran,S (2399) Reykjavik 2018}) 15. Nd4 $146 ({Predecessor:} 15. Rfe1 Nxb3 16. axb3 Nc5 17. f4 b6 18. Bd4 Bxd4+ 19. Rxd4 Ba6 20. Nd1 Rad8 21. Nf2 Bc8 22. Qc3 {½-½ (70) Nanu,C (2527)-Weiss,C (2449) Austria 2008}) 15... a4 16. b4 axb3 {White is slightly better.} 17. axb3 Qa5 18. Rd2 (18. Rb1 $5 {[%cal Rb3b4]}) 18... Qb4 19. Rb1 Ne5 20. Nce2 Ra3 21. Rdd1 Ned7 (21... Qa5 $11) 22. Bc1 Ra8 23. Bd2 Qb6 24. Be3 {[#] Threatens to win with b4.} Qb4 25. Bf4 Ne5 26. Kh2 Ra3 27. Bc1 Ra8 28. Bd2 Qb6 29. b4 (29. Bc3 $16) 29... Ne6 $1 $11 {[%cal Re6d4]} 30. Be3 $36 {[%mdl 2048] Black is under pressure.} Nxd4 (30... Qa6 $1 $11 {keeps the balance.}) 31. Nxd4 (31. Bxd4 $16 Qc7 32. f4) 31... Qa6 32. Rdc1 Qa4 33. Qe2 Qa2 34. Qf1 {[#] aiming for Ra1.} Ra3 $2 {[%mdl 8192]} ({Black should play} 34... Be6 $1 $14) 35. Rc2 $18 Qxc2 36. Nxc2 Rc3 37. Qe2 Nxc4 38. Bd4 Rxc2 39. Qxc2 Na3 40. Qc1 Nxb1 41. Bxg7 Kxg7 42. Qxb1 Be6 43. Qd3 Rd8 44. f4 f6 45. g4 Kf8 46. Qd4 Ke7 47. Qa7 Rd7 48. Qb8 d5 49. e5 d4 50. exf6+ Kxf6 51. Be4 d3 52. Qf8+ Bf7 53. Qc5 {[%csl Gf4][%cal Rc5e5]} Be6 54. Qc3+ Kf7 55. Bxd3 Bd5 56. Bc4 b5 57. Bxd5+ cxd5 {[%mdl 4096] Endgame KQ-KR} 58. Qd4 Ke6 59. Kg3 Kd6 60. Kf3 Rc7 61. Qe5+ {White mates.} Kc6 62. Qe6+ Kb7 63. Qxd5+ Kb6 64. Qd4+ Kb7 65. f5 gxf5 66. gxf5 {[%cal Bg4f5,Bf5f6][%mdl 32]} Rc4 67. Qd7+ Kb6 68. f6 Rxb4 69. Qd6+ {Precision: White = 66%, Black = 33%.} 1-0